MARC details
| 001 - CONTROL NUMBER |
| control field |
0000 |
| 003 - CONTROL NUMBER IDENTIFIER |
| control field |
0000 |
| 005 - DATE AND TIME OF LATEST TRANSACTION |
| control field |
20260312120738.0 |
| 020 ## - INTERNATIONAL STANDARD BOOK NUMBER |
| International Standard Book Number |
9789780916261 |
| 040 ## - CATALOGING SOURCE |
| Language of cataloging |
Eng |
| 042 ## - AUTHENTICATION CODE |
| Authentication code |
lccopycat |
| 050 00 - LIBRARY OF CONGRESS CALL NUMBER |
| Classification number |
RG 101 .A33 |
| 082 04 - DEWEY DECIMAL CLASSIFICATION NUMBER |
| Classification number |
618 |
| Edition number |
23 |
| 100 1# - MAIN ENTRY--PERSONAL NAME |
| Personal name |
Edited by Abudu, Olalekan |
| 245 10 - TITLE STATEMENT |
| Title |
Agboola's Textbook of Obstetrics and gynaecology for medical students |
| Statement of responsibility, etc |
Edited by Olalekan Abudu and Joseph Otubu |
| 250 ## - EDITION STATEMENT |
| Edition statement |
3rd. ed. |
| 264 #1 - PUBLICATION, DISTRIBUTION, ETC. (IMPRINT) |
| Place of publication, distribution, etc |
Ibadan |
| Name of publisher, distributor, etc |
HEBN Publishers |
| Date of publication, distribution, etc |
2021 |
| 300 ## - PHYSICAL DESCRIPTION |
| Extent |
xvii, 657p. ill. |
| 336 ## - CONTENT TYPE |
| Content type term |
text |
| Content type code |
txt |
| Source |
rdacontent |
| 336 ## - CONTENT TYPE |
| Content type term |
still image |
| Content type code |
sti |
| Source |
rdacontent |
| 337 ## - MEDIA TYPE |
| Media type term |
unmediated |
| Media type code |
n |
| Source |
rdamedia |
| 338 ## - CARRIER TYPE |
| Carrier type term |
volume |
| Carrier type code |
nc |
| Source |
rdacarrier |
| 490 1# - SERIES STATEMENT |
| Series statement |
Crash course |
| 500 ## - GENERAL NOTE |
| General note |
Includes index |
| 650 #0 - SUBJECT ADDED ENTRY--TOPICAL TERM |
| Topical term or geographic name as entry element |
Obstetrics |
| Form subdivision |
Outlines, syllabi, etc. |
| 650 #0 - SUBJECT ADDED ENTRY--TOPICAL TERM |
| Topical term or geographic name as entry element |
Gynecology |
| Form subdivision |
Outlines, syllabi, etc. |
| 650 12 - SUBJECT ADDED ENTRY--TOPICAL TERM |
| Topical term or geographic name as entry element |
Obstetrics. |
| 650 12 - SUBJECT ADDED ENTRY--TOPICAL TERM |
| Topical term or geographic name as entry element |
Gynecology. |
| 650 #7 - SUBJECT ADDED ENTRY--TOPICAL TERM |
| Topical term or geographic name as entry element |
Gynecology. |
| Source of heading or term |
fast |
| Authority record control number |
(OCoLC)fst00949684 |
| 650 #7 - SUBJECT ADDED ENTRY--TOPICAL TERM |
| Topical term or geographic name as entry element |
Obstetrics. |
| Source of heading or term |
fast |
| Authority record control number |
(OCoLC)fst01042994 |
| 655 #7 - INDEX TERM--GENRE/FORM |
| Genre/form data or focus term |
Outlines and syllabi. |
| Source of term |
fast |
| Authority record control number |
(OCoLC)fst01423836 |
| 776 08 - ADDITIONAL PHYSICAL FORM ENTRY |
| Relationship information |
Ebook version : |
| International Standard Book Number |
9780702073489 |
| 830 #0 - SERIES ADDED ENTRY--UNIFORM TITLE |
| Uniform title |
Crash course. |
| 906 ## - LOCAL DATA ELEMENT F, LDF (RLIN) |
| a |
7 |
| b |
cbc |
| c |
copycat |
| d |
2 |
| e |
ncip |
| f |
20 |
| g |
y-gencatlg |
| 942 ## - ADDED ENTRY ELEMENTS (KOHA) |
| Source of classification or shelving scheme |
Library of Congress Classification |
| Koha item type |
Books |